000 00551nam a2200205Ia 4500
005 20250326142528.0
008 250326s9999 xx 000 0 und d
020 _a0-13-504382-4
037 _aTextbook
040 _aFMSL
_beng
_cFMSL
041 _aeng
_2eng
084 _aX65 N0;1
_qFMSL
100 _aSharpe W F
_9736592
245 0 _aInvestments
_cSharpe W F; Alexander G J
250 _a4
260 _a. Englewood
_b. Englewood, Prentice Hall..
_c1990
300 _a865p
942 _cTB
_hX65 N0;1
999 _c1295454
_d1295454